Power Electronics/ (Record no. 191042)

MARC details
000 -LEADER
fixed length control field 00610nam a22002057a 4500
005 - DATE AND TIME OF LATEST TRANSACTION
control field 20220817165132.0
010 ## - LCCN (DPL NO)
LC control number ENG-134473
020 ## - INTERNATIONAL STANDARD BOOK NUMBER
International Standard Book Number 9789389658118
Terms of availability 300.00
035 ## - SYSTEM CONTROL NUMBER
System control number EN-118005
037 ## - SOURCE OF ACQUISITION
Source of stock number/acquisition DBAD/PUB
082 ## - DEWEY DECIMAL CLASSIFICATION NUMBER
Classification number 621.317
100 ## - MAIN ENTRY--PERSONAL NAME
Personal name Venkatesh,R.
245 ## - TITLE STATEMENT
Title Power Electronics/
Statement of responsibility, etc by R.Venkatesh;S.Senthilkumar and P.Ganga
260 ## - PUBLICATION, DISTRIBUTION, ETC. (IMPRINT)
Name of publisher, distributor, etc Shanlax Publications
Date of publication, distribution, etc 2019
Place of publication, distribution, etc Madurai
270 ## - ADDRESS
Address 61,66 T.P.K.Main Road Vasantha Nagar,
City Madurai
Postal code 625003
300 ## - PHYSICAL DESCRIPTION
Extent 225p.:
Dimensions 22cm(pbk)
Other physical details ill.
700 ## - ADDED ENTRY--PERSONAL NAME
Personal name Senthilkumar,S
700 ## - ADDED ENTRY--PERSONAL NAME
Personal name Ganga,P
942 ## - ADDED ENTRY ELEMENTS (KOHA)
Source of classification or shelving scheme Dewey Decimal Classification
Item type English Books
Classification part 621.317
Call number suffix VEN
Holdings
Withdrawn status Lost status Not for loan Collection code Home library Current library Date acquired Source of acquisition Cost, normal purchase price Full call number Barcode Copy number Cost, replacement price Koha item type
      Non-fiction Ashok Vihar Ashok Vihar 17/08/2022 DBAD/PUB 300.00 621.317 VEN EN-118005 1 300.00 English Books

© Delhi Public Library
Hit Counter
free hit counter